Southville International School and Colleges
Your cart is empty.
  • Cart
  • Lists
    Public lists list_1 View all
    Your lists Log in to create your own lists
  • Log in to your account
  • Your cookies
  • Search history
Southville International School and Colleges
  • Advanced search
  • Recent comments
  • Most popular
  • Libraries

Log in to your account

Log in with GOOGLE


If you do not have an external account, but do have a local account, you can still log in:

  1. Home
  2. MARC view: Mosby's handbook of pharmacology /
Normal view MARC view ISBD view

Mosby's handbook of pharmacology / (Record no. 290411)

[ view plain ]
MARC details
000 -LEADER
fixed length control field 01123cam a2200325 a 4500
001 - CONTROL NUMBER
control field 989570
003 - CONTROL NUMBER IDENTIFIER
control field PILC
005 - DATE AND TIME OF LATEST TRANSACTION
control field 20160118073608.0
008 - FIXED-LENGTH DATA ELEMENTS--GENERAL INFORMATION
fixed length control field 861008s1987 moua b 001 0 eng c
010 ## - LIBRARY OF CONGRESS CONTROL NUMBER
LC control number 86023805
020 ## - INTERNATIONAL STANDARD BOOK NUMBER
International Standard Book Number 0801614066 (pbk.)
040 ## - CATALOGING SOURCE
Original cataloging agency DNLM/DLC
Transcribing agency DLC
Modifying agency DLC
050 00 - LIBRARY OF CONGRESS CALL NUMBER
Classification number RM 300
Item number .C514 1987
060 ## - NATIONAL LIBRARY OF MEDICINE CALL NUMBER
Classification number QV 4 C622m
082 00 - DEWEY DECIMAL CLASSIFICATION NUMBER
Classification number 615/.1
100 1# - MAIN ENTRY--PERSONAL NAME
Personal name Clayton, Bruce D.,
Dates associated with a name 1947-
245 10 - TITLE STATEMENT
Title Mosby's handbook of pharmacology /
Statement of responsibility, etc Bruce D. Clayton.
250 ## - EDITION STATEMENT
Edition statement 4th edition.
260 ## - PUBLICATION, DISTRIBUTION, ETC. (IMPRINT)
Place of publication, distribution, etc St Louis :
Name of publisher, distributor, etc Mosby,
Date of publication, distribution, etc 1987.
300 ## - PHYSICAL DESCRIPTION
Extent xxii, 816 pages :
Other physical details illustrations ;
Dimensions 19 cm.
500 ## - GENERAL NOTE
General note Rev. ed. of: Mosby's handbook of pharmacology in nursing. 3rd ed. 1984.
504 ## - BIBLIOGRAPHY, ETC. NOTE
Bibliography, etc Includes bibliography and index.
650 #0 - SUBJECT ADDED ENTRY--TOPICAL TERM
Topical term or geographic name as entry element Pharmacology
General subdivision Handbooks, manuals, etc.
650 #0 - SUBJECT ADDED ENTRY--TOPICAL TERM
Topical term or geographic name as entry element Chemotherapy
General subdivision Handbooks, manuals, etc.
650 #2 - SUBJECT ADDED ENTRY--TOPICAL TERM
Topical term or geographic name as entry element Drug Therapy
General subdivision nurses' instruction.
650 #2 - SUBJECT ADDED ENTRY--TOPICAL TERM
Topical term or geographic name as entry element Pharmacology
General subdivision nurses' instruction.
700 1# - ADDED ENTRY--PERSONAL NAME
Personal name Clayton, Bruce D.,
Dates associated with a name 1947-
Title of a work Mosby's handbook of pharmacology in nursing.
906 ## - LOCAL DATA ELEMENT F, LDF (RLIN)
a 7
b cbc
c orignew
d 1
e ocip
f 19
g y-gencatlg
942 ## - ADDED ENTRY ELEMENTS (KOHA)
Source of classification or shelving scheme Library of Congress Classification
Koha item type Books
Call number prefix Foreign
Holdings
Withdrawn status Lost status Source of classification or shelving scheme Damaged status Home library Current library Shelving location Date acquired Source of acquisition Total Checkouts Full call number Barcode Date last seen Price effective from Koha item type
    Library of Congress Classification   College Library College Library General Circulation Section 01/18/2016 Donation   RM 300 .C514 1987 C20355 05/15/2018 01/18/2016 Books

Mosby's handbook of pharmacology /

APA

Clayton B. D., Clayton B. D., . (1987). Mosby's handbook of pharmacology. St Louis: Mosby.

Chicago

Clayton Bruce D, Clayton Bruce D, . 1987. Mosby's handbook of pharmacology. St Louis: Mosby.

Harvard

Clayton B. D., Clayton B. D., . (1987). Mosby's handbook of pharmacology. St Louis: Mosby.

MLA

Clayton Bruce D, Clayton Bruce D, . Mosby's handbook of pharmacology. St Louis: Mosby. 1987.

  • Place hold
  • Print
  • Cite
  • Add to your cart (remove)
  • Save record
    BIBTEX Dublin Core MARCXML MARC (non-Unicode/MARC-8) MARC (Unicode/UTF-8) MARC (Unicode/UTF-8, Standard) MODS (XML) RIS
  • More searches
    Search for this title in:
    Other Libraries (WorldCat) Other Databases (Google Scholar) Online Stores (Bookfinder.com) Open Library (openlibrary.org)

Exporting to Dublin Core...

SOUTHVILLE LIBRARY

Southville International School and Colleges Library

1281 Tropical Ave. Cor. Luxembourg St., BF Homes International, Las Pinas City

Tel. No. 8256374 / 252358 Loc. 117/146

Powered by Koha